System modeling and simulation: An introduction

שמור ב:
מידע ביבליוגרפי
מחבר ראשי: Frank L. Severance
פורמט: ספר
שפה:Undetermined
יצא לאור: Chichester, England John Wiley and Sons 2001
נושאים:
תגים: הוספת תג
אין תגיות, היה/י הראשונ/ה לתייג את הרשומה!
Thư viện lưu trữ: Trung tâm Học liệu Trường Đại học Cần Thơ
LEADER 00484nam a2200169Ia 4500
001 CTU_56306
008 210402s9999 xx 000 0 und d
082 |a 003.3 
082 |b S498 
100 |a Frank L. Severance 
245 0 |a System modeling and simulation: An introduction 
245 0 |c Frank L. Severance 
260 |a Chichester, England 
260 |b John Wiley and Sons 
260 |c 2001 
650 |a system theory 
980 |a Trung tâm Học liệu Trường Đại học Cần Thơ